01329nam a2200169 450000500170000000800410001704000440005804100080010208200180011024500280012826000550015630000310021150002900024250505480053250600210108065000580110120160823150503.0160823s1918 a|||fr|||| 000 0 spa d aCO-BoUCMbspacSandra YazodSandra Yazo0 aspa04220a327.8604310aAmistad colombo-germana a[Lugar desconocido]b[Editorial desconocida]c1918 a359 páginac24 x 17 cm.  aDetalles físicos: Encuadernación rígida en cartón forrado en tela. Tapas decoradas con papel en varias tintas, pegado, lomo con adornos en dorado. Guardas. Portada muy sencilla. Texto impreso en una y dos columnas. Varias ilustraciones entre el texto. Págs. 23 – 26 sueltas0 aPrólogo ; Artículos varios: Ley de las naciones ; Colombia y Alemania ; Alma de la civilización ; Consideraciones relativas a un probable acercamiento comercial entre Colombia y Alemania ; Previsión ; Campaña honrada ; Colombia ante la guerra europea ; Las industrias, las ciencias y las artes alemanas en Colombia ; Carta de un expresidente de la república -- Documentos oficiales ; Notas ; Circular ; Discurso -- Jira del señor ministro alemán a la costa Atlántica – Manifestaciones en favor de la Neutralidad de Colombia aConsulta en sala 7aRelaciones internacionales y1918zColombiazAlemania